Handbook of physics /
Guardado en:
| Otros Autores: | , |
|---|---|
| Formato: | Libro |
| Idioma: | English |
| Publicado: |
New York :
McGraw-Hill,
c1967.
|
| Edición: | 2nd ed. |
| Materias: | |
| Etiquetas: |
Agregar Etiqueta
Sin Etiquetas, Sea el primero en etiquetar este registro!
|
| LEADER | 00793cam a22002295a 4500 | ||
|---|---|---|---|
| 001 | EIQ.libpla001651 | ||
| 008 | 731212s1967####nyuaf####b####001#0#eng#d | ||
| 005 | 20070206143511.0 | ||
| 245 | 0 | 0 | |a Handbook of physics / |c edited by E. U. Condon [and] Hugh Odishaw. |
| 250 | |a 2nd ed. | ||
| 260 | |a New York : |b McGraw-Hill, |c c1967. | ||
| 300 | |a 1 v. (en varias paginaciones) : |b il. ; |c 26 cm. | ||
| 504 | |a Incluye referencias bibliográficas e índice. | ||
| 020 | |a 0070124035 | ||
| 700 | 1 | |a Condon, Edward Uhler, |d 1902-1974., |e ed. |4 edt | |
| 700 | 1 | |a Odishaw, Hugh., |e ed. |4 edt | |
| 082 | 0 | 0 | |a 530 |
| 650 | 4 | |a Física |x Handbooks, manuales, etc. | |
| 650 | 4 | |a Physics |x Handbooks, manuals, etc. | |
| 010 | |a 66020002 | ||
| 040 | |a DLC |c DLC |d AR-BbSID | ||
| 859 | |a AR-BbSID |b BIB. PLAPIQUI |h 530 |i H 192 |k R |p 255 | ||
